| 000 | 00945nam a22002297a 4500 | ||
|---|---|---|---|
| 999 |
_c7835 _d7835 |
||
| 003 | AR-CdUCM | ||
| 008 | 190321b ||||| |||| 00| 0 spa d | ||
| 040 |
_aMUNICIPALIDAD PROVINCIAL DEL CUSCO _cBIBLIOTECA MUNICIPAL DEL CUSCO |
||
| 082 |
_a341.1 / _bJ74 |
||
| 100 |
_aJosserand, Louis _96838 |
||
| 245 | _aEl espíritu de los derechos y su relatividad / | ||
| 260 |
_aMéxico : _bJosé M. Cajica, _c1946. |
||
| 300 |
_a354 páginas ; _c24 cm. |
||
| 505 | _aContenido: Derecho positivo frances -- Abuso de los derechos en la legislación y jurisprudencia comparadas -- Ensayo de una sistematización del abuso de los derechos en función de su espíritu. | ||
| 650 |
_aProcedimientos legales _95038 |
||
| 650 |
_aLibertad de comercio _922157 |
||
| 650 |
_aEspíritu de los derechos _922158 |
||
| 700 |
_aSanchez Larios, Eligio (traductor) _922159 |
||
| 700 |
_aCajica Jr, Jose M. (traductor) _922160 |
||
| 942 |
_2ddc _cLIBROS |
||
| 945 | _aafb | ||